| 000 | 00579nam a2200205Ia 4500 | ||
|---|---|---|---|
| 008 | 170504s9999 xx 000 0 und d | ||
| 050 | _aHD 28 | ||
| 050 | _b.D637 2016 | ||
| 100 | _aDoctor, Ancacel B. | ||
| 245 | _aInventory management system with POS for NQR marketing / | ||
| 245 | _cAncacel B. Doctor. | ||
| 260 | _aLas PiƱas, Philippines : | ||
| 260 | _bSISC, | ||
| 260 | _c2016. | ||
| 300 | _a151 pages : | ||
| 300 | _billustrations ; | ||
| 300 | _c28 cm. | ||
| 500 | _aIncludes bibliographical references and appendices. | ||
| 521 | _aInformation Technology | ||
| 999 |
_c329753 _d329753 |
||